Most Obese Country A-Z - Statistics

General Stats
  • This quiz has been taken 42 times
  • The average score is 16 of 24
Answer Stats
Letter Obesity Country % Correct
U 36.2% United States
100%
O 27.0% Oman
90%
N 61.0% Nauru
87%
Q 35.1% Qatar
87%
Y 17.1% Yemen
85%
P 55.3% Palau
82%
T 51.6% Tuvalu
77%
Z 15.5% Zimbabwe
77%
K 46.0% Kiribati
74%
S 47.3% Samoa
74%
R 23.1% Russia
72%
V 25.6% Venezuela
72%
C 29.4% Canada
69%
A 29.0% Australia
67%
M 52.9% Marshall Islands
64%
H 26.4% Hungary
62%
J 35.5% Jordan
62%
F 45.8% F.S. Micronesia
56%
D 27.9% Dominica
49%
G 24.9% Greece
44%
E 32.0% Egypt
33%
I 30.4% Iraq
33%
B 31.6% Bahamas
28%
L 32.5% Libya
23%
No matching quizzes found
Score Distribution
Percent of People with Each Score
Percentile by Number Answered
Your Score History
You have not taken this quiz